000 00654nam a2200241 a 4500
001 17256
003 CO-ViMGA
008 141112s2004 ck r 000 u spa d
020 _a958700082X
040 _aCO-ViMGA
_bspa
_cCO-ViMGA
082 0 4 _aMEVIECAR.6424 D124i
100 1 _aDackar, Henry
_924539
245 1 0 _aInternet - Extranet :
_bConstrucción y operación
260 _aBogotá,
_cHenry Dackar,
_c2001
300 _a94.p.
490 _aRedes Linux
590 _aForma de adquisición : Premio - Mincultura
650 1 4 _aEXTRANET
_924540
650 1 4 _aINTERNET
_951
650 1 4 _aLINUX
_924541
650 1 4 _aREDES
_97668
942 _2ddc
_cBK
999 _c26826
_d26826